000
00311nam a2200133Ia 4500
008
191201s2004 xx 000 0 und d
082
_a
621.4021
_b
ACT
100
_a
ACHUTHAN, M
245
0
_a
Engineering Thermodynamics
260
_a
N.Delhi
_b
PHI
_c
2004
300
_a
472
650
_a
B.Tech(ME)
942
_2
ddc
_c
BK
999
_c
820
_d
820